MARC details
| 000 -CABECERA |
| campo de control de longitud fija |
03983cam a22003735i 4500 |
| 001 - NÚMERO DE CONTROL |
| campo de control |
7386382 |
| 005 - FECHA Y HORA DE LA ÚLTIMA TRANSACCIÓN |
| campo de control |
20260512154828.0 |
| 006 - CÓDIGOS DE INFORMACIÓN DE LONGITUD FIJA--CARACTERÍSTICAS DEL MATERIAL ADICIONAL |
| campo de control de longitud fija |
m d |
| 007 - CAMPO FIJO DE DESCRIPCIÓN FÍSICA--INFORMACIÓN GENERAL |
| campo de control de longitud fija |
cr n |
| 008 - DATOS DE LONGITUD FIJA--INFORMACIÓN GENERAL |
| campo de control de longitud fija |
140418s2013 gw | o |||| 0|eng d |
| 020 ## - NÚMERO INTERNACIONAL ESTÁNDAR DEL LIBRO |
| Número Internacional Estándar del Libro |
9783642396748 |
| 020 ## - NÚMERO INTERNACIONAL ESTÁNDAR DEL LIBRO |
| Número Internacional Estándar del Libro |
9783642396731 |
| 024 7# - IDENTIFICADOR DE OTROS ESTÁNDARES |
| Número estándar o código |
10.1007/978-3-642-39674-8 |
| Fuente del número o código |
doi |
| 035 ## - NÚMERO DE CONTROL DEL SISTEMA |
| Número de control de sistema |
(WaSeSS)ssj0001167078 |
| 040 ## - FUENTE DE LA CATALOGACIÓN |
| Centro/agencia modificador |
WaSeSS |
| Centro/agencia transcriptor |
tbs |
| 041 ## - CÓDIGO DE LENGUA |
| Código de lengua del texto/banda sonora o título independiente |
English |
| 050 #4 - SIGNATURA TOPOGRÁFICA DE LA BIBLIOTECA DEL CONGRESO |
| Número de clasificación |
HT388 |
| 100 ## - ENTRADA PRINCIPAL--NOMBRE DE PERSONA |
| Nombre de persona |
Cuadrado-Roura, Juan R. |
| 9 (RLIN) |
26861 |
| 245 10 - MENCIÓN DE TÍTULO |
| Título |
Regional Problems and Policies in Latin America |
| Mención de responsabilidad, etc. |
/ edited by Juan R. Cuadrado-Roura, Patricio Aroca. |
| 264 #1 - PRODUCCIÓN, PUBLICACIÓN, DISTRIBUCIÓN, FABRICACIÓN Y COPYRIGHT |
| Producción, publicación, distribución, fabricación y copyright |
Berlin, Heidelberg : |
| Nombre del de productor, editor, distribuidor, fabricante |
Springer Berlin Heidelberg : |
| -- |
Imprint: Springer, |
| Fecha de producción, publicación, distribución, fabricación o copyright |
2013. |
| 490 1# - MENCIÓN DE SERIE |
| Mención de serie |
Advances in Spatial Science, The Regional Science Series, |
| Número Internacional Normalizado para Publicaciones Seriadas |
1430-9602 |
| 505 0# - NOTA DE CONTENIDO CON FORMATO |
| Nota de contenido con formato |
The Reason Why of This Book: An Introduction — Facing the Need for Regional Policies in Latin America — Territorial Development in Latin America: A Long Term Perspective — The Origins, Development and Current State of Territorial Policies in Latin America in the Twentieth and Twenty-First Centuries — Growth and Regional Disparities in Latin America: Concentration Processes and Regional Policy Challenges — Concentration and Growth in Latin American Countries — Urban Primacy and Regional Economic Disparities in Latin America — Analysis by Countries — Growth, Concentration, Inequality and Regional Policy in Mexico — Regional Inequalities and Regional Policies in Colombia: The Experience of the Last Two Decades — Concentration and Inequality Across Brazilian Regions — Argentina’s Regional Performance: 1970–2010 — Territorial Inequality and Regional Policy in Chile — The Paradox of Peruvian Growth: The Evolution of Territorial Disparities and Regional Policy — Growth, Clusters, and Convergence in Ecuador: 1993–2011 — Horizontal and Comparative Analysis — Population Distribution and Internal Migration Issues in LAC — Education, Innovation and Economic Growth in Latin America — The Geography and Determinants of Regional Human Capital in Eight Latin American and Caribbean Countries — Labor Income and Poverty in Brazil and Mexico: A State Level Analysis, 2000–2009 — Decentralization and Democracy in Latin America: Reshaping the Development Paradigm — Political and Fiscal Decentralization in South America: A Comparative Analysis of Bolivia, Chile, Colombia, Ecuador, and Peru — Impact Assessment of Interregional Government Transfers: Lessons from the Brazil Experience — Regional Policies in the Andean Nations: A Comparative View — Export Specialization and Regional Growth: The Chilean and Colombian Cases — Trends and Realities in Foreign Direct Investments in Latin America. |
| 506 ## - NOTA DE RESTRICCIONES AL ACCESO |
| Limitaciones de acceso |
Access may be restricted to institutions with a site license. |
| 520 ## - SUMARIO, ETC. |
| Sumario, etc. |
This contributed volume is the first book in English to offer a current and critical vision of regional problems and policies in the countries of Latin America. The book is in three main parts: a general overview of regional processes and trends in Latin America as a whole; country-level coverage of seven individual countries; and comparative analyses of common major problems such as migration, education, labor, poverty, decentralization, exports and foreign direct investments. Written by renowned academics and experts from the region, the book seeks to provide a better understanding of regional challenges and trends, regional disparities that exist in many Latin American countries and the increasing importance of metropolitan areas. |
| 650 #0 - PUNTO DE ACCESO ADICIONAL DE MATERIA--TÉRMINO DE MATERIA |
| Término de materia o nombre geográfico como elemento de entrada |
Economics |
| 9 (RLIN) |
2587 |
| 650 #0 - PUNTO DE ACCESO ADICIONAL DE MATERIA--TÉRMINO DE MATERIA |
| Término de materia o nombre geográfico como elemento de entrada |
Economic geography |
| 9 (RLIN) |
8885 |
| 650 #0 - PUNTO DE ACCESO ADICIONAL DE MATERIA--TÉRMINO DE MATERIA |
| Término de materia o nombre geográfico como elemento de entrada |
Development economics |
| 9 (RLIN) |
26862 |
| 650 #0 - PUNTO DE ACCESO ADICIONAL DE MATERIA--TÉRMINO DE MATERIA |
| Término de materia o nombre geográfico como elemento de entrada |
Regional economics |
| 9 (RLIN) |
22333 |
| 651 #0 - PUNTO DE ACCESO ADICIONAL DE MATERIA--NOMBRE GEOGRÁFICO |
| Nombre geográfico |
Latin America |
| Subdivisión general |
Economic conditions |
| 9 (RLIN) |
23537 |
| 651 #0 - PUNTO DE ACCESO ADICIONAL DE MATERIA--NOMBRE GEOGRÁFICO |
| Nombre geográfico |
Latin America |
| 9 (RLIN) |
22341 |
| 700 ## - ENTRADA AGREGADA--NOMBRE PERSONAL |
| Nombre de persona |
Aroca, Patricio. |
| 9 (RLIN) |
26863 |
| 830 #0 - PUNTO DE ACCESO ADICIONAL DE SERIE-TÍTULO UNIFORME |
| Título uniforme |
Advances in Spatial Science, The Regional Science Series, |
| Número Internacional Normalizado para Publicaciones Seriadas |
1430-9602 |
| 942 ## - ELEMENTOS DE ENTRADA AGREGADA (KOHA) |
| Fuente del sistema de clasificación o colocación |
Clasificación de Library of Congress |